<?xml version="1.0" encoding="UTF-8"?>
<record
    xmlns:xsi="http://www.w3.org/2001/XMLSchema-instance"
    xsi:schemaLocation="http://www.loc.gov/MARC21/slim http://www.loc.gov/standards/marcxml/schema/MARC21slim.xsd"
    xmlns="http://www.loc.gov/MARC21/slim">

  <leader>02187nam a22003257a 4500</leader>
  <controlfield tag="003">EG-ScBUE</controlfield>
  <controlfield tag="005">20211221132200.0</controlfield>
  <controlfield tag="006">m|||| o||d  00| 0</controlfield>
  <controlfield tag="007">cr cn ---auuuu</controlfield>
  <controlfield tag="008">200219s2020    enk    fo     000 0 eng d</controlfield>
  <datafield tag="020" ind1=" " ind2=" ">
    <subfield code="a">9781527559868</subfield>
  </datafield>
  <datafield tag="020" ind1=" " ind2=" ">
    <subfield code="a">9781527560468</subfield>
  </datafield>
  <datafield tag="040" ind1=" " ind2=" ">
    <subfield code="a">EG-ScBUE</subfield>
    <subfield code="b">eng</subfield>
    <subfield code="e">rda</subfield>
    <subfield code="c">EG-ScBUE</subfield>
    <subfield code="d">EG-ScBUE</subfield>
  </datafield>
  <datafield tag="082" ind1="0" ind2="4">
    <subfield code="a">884.0109</subfield>
    <subfield code="b">GRE</subfield>
    <subfield code="2">22</subfield>
  </datafield>
  <datafield tag="245" ind1="1" ind2="0">
    <subfield code="a">Greek Lyric Poetry and Its Influence :</subfield>
    <subfield code="b">texts, iconography, music and cinema</subfield>
    <subfield code="h">[electronic resourse] /</subfield>
    <subfield code="c">edited by Alejandro Cantarero de Salazar, Alicia Esteban Santos, and Leonardo de Arrizabalaga y Prado.</subfield>
  </datafield>
  <datafield tag="264" ind1=" " ind2="1">
    <subfield code="a">Newcastle-upon-Tyne, UK :</subfield>
    <subfield code="b">Cambridge Scholars Publishing,</subfield>
    <subfield code="c">2020.</subfield>
  </datafield>
  <datafield tag="300" ind1=" " ind2=" ">
    <subfield code="a">1 online resource.</subfield>
  </datafield>
  <datafield tag="336" ind1=" " ind2=" ">
    <subfield code="2">rdacontent</subfield>
    <subfield code="a">text</subfield>
    <subfield code="b">txt</subfield>
  </datafield>
  <datafield tag="337" ind1=" " ind2=" ">
    <subfield code="2">rdamedia</subfield>
    <subfield code="a">computer</subfield>
    <subfield code="b">c</subfield>
  </datafield>
  <datafield tag="338" ind1=" " ind2=" ">
    <subfield code="2">rdacarrier</subfield>
    <subfield code="a">online resource</subfield>
    <subfield code="b">cr</subfield>
  </datafield>
  <datafield tag="520" ind1="0" ind2=" ">
    <subfield code="a">This book deals with Greek lyric composed more than twenty-five centuries ago. These poems sing of everyday events and emotions in human life, from the most festive to the most serious, presenting a living portrait of the ancient Greeks. This multidisciplinary volume begins with a panorama of Greek lyric poetic genres, their main authors and their representative topics. The first part contains philological studies and literary analyses, first of some Greek poets--Anacreon, Sappho and Lycophron, among others--then of their influence on Horace's Latin poetry, and on contemporary poetry. </subfield>
  </datafield>
  <datafield tag="650" ind1=" " ind2="7">
    <subfield code="a">Greek poetry</subfield>
    <subfield code="x">History and criticism.</subfield>
    <subfield code="2">BUEsh</subfield>
  </datafield>
  <datafield tag="653" ind1=" " ind2=" ">
    <subfield code="b">GGEN</subfield>
    <subfield code="c">August2021</subfield>
  </datafield>
  <datafield tag="700" ind1="1" ind2=" ">
    <subfield code="a">Salazar, Alejandro Cantarero de,</subfield>
    <subfield code="e">editor.</subfield>
  </datafield>
  <datafield tag="700" ind1="1" ind2=" ">
    <subfield code="a">Santos, Alicia Esteban,</subfield>
    <subfield code="e">editor.</subfield>
    <subfield code="9">38005</subfield>
  </datafield>
  <datafield tag="700" ind1="1" ind2=" ">
    <subfield code="a">Prado, Leonardo de Arrizabalaga y,</subfield>
    <subfield code="e">editor.</subfield>
  </datafield>
  <datafield tag="776" ind1="0" ind2="8">
    <subfield code="i">print version: </subfield>
    <subfield code="t">Greek Lyric Poetry and Its Influence : texts, iconography, music and cinema.</subfield>
    <subfield code="d">2020</subfield>
    <subfield code="z">9781527559868</subfield>
    <subfield code="w">(OCoLC)1202465392</subfield>
    <subfield code="a">author.</subfield>
  </datafield>
  <datafield tag="856" ind1="4" ind2="0">
    <subfield code="u">https://ezproxy.bue.edu.eg/login?url=https://ezproxy.bue.edu.eg:2222/login.aspx?direct=true&amp;db=nlebk&amp;AN=2648161&amp;site=eds-live&amp;ebv=EB&amp;ppid=pp_C</subfield>
    <subfield code="y">https://ezproxy.bue.edu.eg/login?url=http://search.ebscohost.com/login.aspx?direct=true&amp;db=nlebk&amp;AN=2648161&amp;site=eds-live&amp;ebv=EB&amp;ppid=pp_C</subfield>
  </datafield>
  <datafield tag="942" ind1=" " ind2=" ">
    <subfield code="2">ddc</subfield>
    <subfield code="c">EBOOK</subfield>
  </datafield>
  <datafield tag="999" ind1=" " ind2=" ">
    <subfield code="c">29302</subfield>
    <subfield code="d">29273</subfield>
  </datafield>
  <datafield tag="952" ind1=" " ind2=" ">
    <subfield code="0">0</subfield>
    <subfield code="1">0</subfield>
    <subfield code="2">ddc</subfield>
    <subfield code="4">0</subfield>
    <subfield code="7">0</subfield>
    <subfield code="a">MAIN</subfield>
    <subfield code="b">MAIN</subfield>
    <subfield code="d">2021-08-02</subfield>
    <subfield code="l">0</subfield>
    <subfield code="o">884.0109 GRE</subfield>
    <subfield code="r">2021-08-02 00:00:00</subfield>
    <subfield code="u">https://ezproxy.bue.edu.eg/login?url=http://search.ebscohost.com/login.aspx?direct=true&amp;db=nlebk&amp;AN=2648161&amp;site=eds-live&amp;ebv=EB&amp;ppid=pp_C</subfield>
    <subfield code="w">2021-08-02</subfield>
    <subfield code="y">EBOOK</subfield>
  </datafield>
</record>
